| 000 | 00851nam a2200289 a 4500 | ||
|---|---|---|---|
| 001 | 1798 | ||
| 003 | BD-RjUL | ||
| 005 | 20211208233419.0 | ||
| 008 | 131109s1975 enka 00| 0 eng d | ||
| 020 | _a0043302319 | ||
| 035 | _a(BD-RjUL)1825 | ||
| 040 |
_aDLC _cDLC _beng _dBD-RjUL |
||
| 041 | _aeng | ||
| 082 |
_a339 _bBRM 1975 |
||
| 100 | 1 |
_aBrooman, Frederick Spencer. _95957 |
|
| 245 | 1 | 0 |
_aMacroeconomics / _c[by] F. S. Brooman |
| 250 | _a5th ed. | ||
| 260 |
_aLondon : _b George Allen and Unwin Ltd. _c1975 |
||
| 300 |
_a384 p. : _billus ; _c22 cm |
||
| 490 | 1 |
_aMinerva series of students' handbooks ; _vno. 9. |
|
| 504 | _aIncludes bibliographical references and index | ||
| 650 | 0 |
_aMacroeconomics. _95854 |
|
| 830 | 0 |
_vno. 9. _95962 |
|
| 830 | 0 |
_aMinerva series of students' handbooks ; _95963 |
|
| 942 |
_2ddc _cBK |
||
| 999 |
_c1798 _d1798 |
||